000 00371nam a2200145Ia 4500
008 220216s9999 xx 000 0 und d
100 _aGeorge K.T.
245 0 _aAre timber latex clones suitable to India
260 _bRubber Asia
_c1996
300 _a89-91
650 _aCost benefit analysis
650 _aTimber latex clone
700 _aJoseph T.[a]
942 _cBS
999 _c51101
_d51101